00401nam a22001577a 450000500170000001000170001702000250003403500170005903700250007608200080010110000190010924500390012826000250016727000300019230000210022220120627160531.0 aB-456537-577 a9788123709697c50.00 aB-456537-577 adplbK. K. Pub / Ven a921 aPradhan, G. P. aLokamanya Tilak /cby G.P. Pradhan aNew DelhibNBTc2007 aA-5 Green ParkbNew Delhi avii, 160pgc22cm